| 000 | 00508nam a2200229Ia 4500 | ||
|---|---|---|---|
| 003 | IT-RoPAU | ||
| 005 | 20220918175247.0 | ||
| 008 | 120407s9999 xx 000 0 und d | ||
| 040 | _aIT-RoPAU | ||
| 040 | _cIT-RoPAU | ||
| 041 | _aita | ||
| 100 |
_aEdward H. Schillebeeckx _934131 |
||
| 245 | _aCristo, sacramento dell’incontro con Dio. | ||
| 250 | _aRoma | ||
| 260 | _aEdizioni Paoline | ||
| 260 | _c1963 | ||
| 300 | _c cm | ||
| 490 | _aBcr | ||
| 490 | _v131 | ||
| 942 |
_cBK _2ddc |
||
| 999 |
_c144 _d144 |
||